• 首页
  • 本馆介绍
  • 公告通知
  • 最新文献
  • 馆藏检索
  • 电子资源
  • 读者导购
  • 参考咨询
  • 我的图书馆
  • 登录
  • 详细信息显示
  • 放入我的书架
  • 预约/预借图书
  • 作者相关作品
  • 分类相关作品
  • 丛书相关作品
  • 出版社相关作品

书目信息

  • 表格格式
  • 工作单格式
  • 卡片格式
书名: Breaking open the head
作者: Daniel Pinchbeck
分册号:
分册名:
出版地: New York :
 
出版社: Broadway Books
出版时间: 2002.
页数: 322 p. :
开本: 22 cm.
丛书名:
中图分类号:
科图分类号:
其他分类号: B933
主题词:
电子资源:
000 01057nam 2200325 a 4500
001 E0763252549
004 000846194
005 20070710173531.31
008 4001uueng0000000
008 001 0 eng
010    @a2003266652
020    @a0767907426.
035    @a(OCoLC)ocm50601753
040    @aVVW @cVVW @dDPL @dSLC @dDLC
042    @alccopycat
050 00 @aBF1621+
082 04 @a299.9 @221
090    @aB933 @bP647
090    @aB933
096    @aB933
099    @dB933@ex53
100 1  @aPinchbeck, Daniel.
245 10 @aBreaking open the head / @cDaniel Pinchbeck
250    @a1st ed.
260    @aNew York :@bBroadway Books,@c2002.
300    @a322 p. :@bill. ;@c22 cm.
504    @aIncludes bibliographical references (p. 299-305) and index.
650  0 @aShamanism.
650  0 @aSpiritual life @xNew Age movement. @b01 @c20030520 @lNLC09 @h0921 @b00 @c20030716 @lNLC09 @h2146 @b40 @c20031209 @lNLC09 @h1902 @b40 @c20031226 @lNLC09 @h1035 @b40 @c20031226 @lNLC09 @h1052
852 0  @bWWJC @cJ09 @k2-2003 @hB933 @iP647
    
    Breaking open the head / / Daniel Pinchbeck.-1st ed.-New York : : Broadway Books, , 2002.
    322 p. : : ill. ; ; 22 cm.
    Includes bibliographical references (p. 299-305) and index.
    
    ISBN 0767907426.
    
●
相关链接 在E读中查询图书 在五车中查询图书 在当当中查询图书 在豆瓣中查询图书


正题名:Breaking open the head     索取号:B933/x53         预约/预借

序号 登录号 条形码 馆藏地/架位号 状态 备注
1 0012903   300129037   第二样本阅览室/ [索取号:B933/x53] 在馆    
2 0012904   300129046   第四借阅区/ [索取号:B933/x53] 在馆    
唐山师范学院图书馆 欢迎您!
大连网信软件有限公司© 版权所有